[Event "Wch Rapid"]
[Site "Astana"]
[Date "2012.07.07"]
[Round "9"]
[White "Tkachiev, Vladislav"]
[Black "Carlsen, Magnus"]
[Result "0-1"]
[WhiteElo "2644"]
[BlackElo "2837"]
[Annotator "Martin,A"]
[PlyCount "108"]
[EventDate "2012.07.06"]
[EventType "tourn (rapid)"]
[EventRounds "15"]
[EventCountry "KAZ"]
[EventCategory "19"]
[SourceTitle "EXT 2016"]
[Source "ChessBase"]
[SourceDate "2015.10.08"]

{The following game is an excellent example of how to mount and sustain
pressure. The fact that this was a rapid game only adds to the overall quality
of Black's performance.} 1. Nf3 d5 2. d4 Nf6 3. c4 c6 {[%csl Gc8]} 4. e3 Bf5 5.
cxd5 cxd5 6. Qb3 {[%csl Gb7]} Qc7 7. Bd2 {[%csl Gb1][%cal Gd2b4]} e6 8. Bb5+
Nbd7 9. O-O a6 $1 {Maybe the simplest way of resolving diffficulties.} (9...
Bd6 {turns out to be a superfluous developing move in this current instance.
In the following game Black is routed:} 10. Rc1 Qd8 11. Bb4 Bxb4 12. Qxb4 Qb6
$2 ({Maybe Black has to settle for} 12... a6 {but after} 13. Bxd7+ Qxd7 14. Ne5
Qb5 15. Qxb5+ axb5 16. Nc3 b4 17. Nb5 $16 {the position he reaches by force
really isn't very nice.}) 13. Ne5 a6 14. Nc3 $3 axb5 15. Nxb5 {[%cal Gb5d6,
Gb5c7] threats of either Nd6+ or Nc7+ are too strong for Black to meet.} Bg6
16. a4 Qa5 (16... Kd8 17. a5 Qa6 18. Nd6 {[%csl Gb7,Gf7]} Rb8 19. Ndxf7+ Bxf7
20. Nxf7+ Ke8 21. Nxh8) 17. Rc8+ Rxc8 18. Nd6+ {1-0 Prusikin,M (2522)-Miller,E
(2110)/Nuremberg 2010}) 10. Rc1 (10. Be2) 10... Qb6 11. Be2 Qxb3 {Again
Carlsen chooses the simplest way, reaching a position which Black can hardly
lose.} (11... Bd6 {also looks pretty safe:} 12. Nc3 (12. Qxb6 Nxb6 13. Ba5 Nbd7
14. a3 Ke7 15. Nc3 h6 16. Nd2 Rac8 17. f3 Bh7 18. Nb3 b6 19. Bb4 Nb8 20. Nd2
Rhd8 21. Kf2 Rc6 {1/2-1/2 Prusikin,M (2534)-Milov,L (2558)/Germany 2010}) 12...
h6 13. Na4 Qxb3 14. axb3 Ne4 15. Ba5 O-O 16. b4 Rab8 17. Nc5 Ndf6 18. Bb6 Rfc8
19. b5 axb5 20. Bxb5 g5 21. Ne5 Nd2 22. Rd1 Nde4 23. Ned7 Bxc5 24. dxc5 Nxd7
25. Bxd7 Rxc5 26. Bxc5 Nxc5 27. Bb5 Bc2 28. Re1 Bd3 29. Rec1 b6 30. Bxd3 Nxd3
31. Rc2 Rd8 32. Kf1 Kg7 33. Ra7 Ne5 34. Rb7 Rd6 35. Rcc7 Kg6 36. h3 h5 37. Ke2
Kf5 38. Rb8 h4 39. Rcc8 Nc4 40. b3 Na5 41. Rc3 Nc6 42. Rb7 f6 43. Ke1 d4 {
1/2-1/2 Tkachiev,V (2657)-Wang Hao (2684)/Dagomys 2008}) 12. axb3 Bd6 {[%cal
Gb3b4,Gb4b5] White can try to dissolve his pawn weakness with b4-b5, but Black
always meets this idea comfortably with ...Ke7!} 13. Nc3 Ke7 14. Nh4 Bg6 15.
Na4 {I don't much like this move.} ({Better chances to at least draw could be
obtained after} 15. Nxg6+ $1 hxg6 16. h3 Rac8 17. f3 g5 18. Bd3 g6 19. Kf2 {
Objectively the position is about equal, but White would not have the same
problems facing him that he does after the game continuation.}) 15... Bh5 16.
Nf3 $6 {Indecision.} ({I think he should take the opportunity to get Black's
light-squared bishop off the board:} 16. Bxh5 Nxh5 17. Nc5 Bxc5 18. dxc5 Rhc8
19. b4 Nhf6 20. Bc3 g6 21. Nf3 Ne4 22. Be1 $11) 16... Ne4 17. Be1 b5 (17...
Rhc8) 18. Nc3 b4 19. Nb1 ({Tkachiev clearly does not want to put his knight on
the edge of the board,yet this may have been the better continuation. The
knight on a4 would be active, limiting Black's plans:} 19. Na4 $1 a5 20. Bd3
Rhc8 21. Bxe4 dxe4 22. Nd2 f5 23. Nc4 Bc7 24. Rc2 {[%csl Ga4][%cal Gh5e2,Ge2d3]
White is fine here, with the doubling of rooks imminent.}) 19... a5 20. Bb5
Rhc8 21. Nbd2 Rxc1 22. Rxc1 Nxd2 23. Nxd2 Rb8 24. Bf1 Bg6 25. f3 e5 $15 {
[%csl Gb2] Black has a small edge and the way he now increases the pressure is
most instructive. If White now takes on e5, then b2 hangs, but otherwise Black
threatens ...exd4, weakening the d4-pawn.} 26. Bg3 (26. Ra1 Bc7 27. dxe5 Nxe5 {
[%csl Gd3]} 28. Bg3 Ra8 29. Be2 Bb6 30. Nf1 f6 $17) 26... exd4 27. exd4 Nf8 {
[%csl Gd4][%cal Gf8e6]} 28. Kf2 Ne6 29. Ke3 f5 $1 {Counter-intuitive, in that
the scope of the bishop on g6 decreases, but this is only temporary.} 30. Bxd6+
Kxd6 31. f4 Bh5 32. Bd3 g6 {[%csl Gh5] An eventual break with ...g6-g5,
levering open the kingside, is Black's ongoing plan} 33. Nf1 $6 (33. g3 Nc7 34.
Kf2 Bg4 35. Bf1 Ne6 36. Ke3 h6 37. h3 Bh5 38. h4 Rg8 39. Bb5 g5 40. hxg5 hxg5
41. Rh1 Be8 42. Bxe8 Rxe8 43. Rh6 Kc7 {is still a little better for Black})
33... g5 34. fxg5 (34. g3) 34... f4+ 35. Kf2 Nxg5 36. Nd2 Ne6 37. Bxh7 (37. Ra1
Ra8 38. Bxh7 Nxd4 39. Bd3 Nc6 {is the type of plausible continuation, which
does not really satisfactorily solve White's problems. He is still worse and
Black has good chances to penetrate in the centre.}) 37... Nxd4 38. Bd3 Rh8 39.
Ra1 Nc6 40. Bb5 Ne5 41. h3 (41. Rxa5 Ng4+ 42. Kg1 Rc8 {[%csl Gc1,Gc2] must
have seemed unattractive.}) 41... Rc8 42. Be2 Rc2 43. Bxh5 $2 ({Like it or not,
White had to try} 43. Ke1 Bxe2 44. Kxe2 Rxb2 45. Rxa5 Nc6 46. Ra6 Kc5 47. Kd3
Nd4 {This is very uncomfortable to defend doubly so because it is Carlsen
pressing and triply so because of time shortage.}) 43... Rxd2+ 44. Kf1 Rxb2 {
[%csl Gd5]} 45. Bd1 Rd2 46. h4 Ke6 (46... a4 $1 {seems most accurate:} 47. bxa4
Nc4 $19) 47. h5 Kf6 48. Be2 d4 49. Ke1 Rb2 50. Rxa5 d3 51. Bd1 $4 (51. Bf3 {
might have led to a draw:} d2+ 52. Ke2 Nxf3 53. gxf3 Rxb3 54. Rd5 Re3+ 55. Kxd2
Rxf3 56. h6 Kg6 57. Rd6+ Kh7 58. Rb6 b3 59. Rf6 Kg8 60. Rf5 Kh7 61. Rf6) 51...
Rxg2 52. Rd5 f3 53. Kf1 Rd2 54. Ke1 f2+ {A triumph for tenacity and
perseverance.} 0-1

[Event "Moscow Tal Memorial 7th"]
[Site "Moscow"]
[Date "2012.06.16"]
[Round "7"]
[White "Nakamura, Hikaru"]
[Black "Carlsen, Magnus"]
[Result "1/2-1/2"]
[WhiteElo "2775"]
[BlackElo "2835"]
[Annotator "Marin,M"]
[PlyCount "86"]
[EventDate "2012.06.08"]
[EventType "tourn"]
[EventRounds "9"]
[EventCountry "RUS"]
[EventCategory "22"]
[SourceTitle "CBM 149"]
[Source "ChessBase"]
[SourceDate "2012.07.17"]

1. d4 Nf6 2. c4 e6 3. Nf3 d5 4. g3 Bb4+ 5. Bd2 Be7 6. Bg2 O-O 7. Qc2 c6 8. O-O
b6 9. Bf4 Bb7 10. Rd1 Nbd7 11. Nc3 dxc4 12. Nd2 Nd5 13. Nxc4 Nxf4 14. gxf4 {
The structure is reminiscent of the Cambridge Springs Queen's Gambit, with one
important difference: the white kingside structure has been spoiled. This will
increase the danger of a perpetual check, but also face White with certain
dangers in the endgame, when the h2-pawn may become a target for the king.} Qc7
15. e3 Rad8 16. Rd2 $5 {"Almost" a novelty, played only once before. White
prepares to keep the tension on d5 after the inevitable pawn break ...c5.} (16.
Rac1 c5 17. d5 exd5 18. Nxd5 ({If} 18. Bxd5 Nf6 {White cannot maintain his
outpost, as in Grischuk,A (2771)-Kramnik,V (2791)/Moscow (blitz) 2010 (1/2, 44)
}) 18... Bxd5 19. Rxd5 b5 $132 {Drenchev,P (2499)-Mastrovasilis,D (2631)/
Skopje 2012/CBM 147 Extra (1/2, 25)}) 16... Nf6 ({The idea behind White's
previous move is revealed after} 16... c5 17. d5 exd5 18. Bxd5 Nf6 19. Rad1 {
, although it is far from clear whether this offers an advantage:} Nxd5 20.
Nxd5 Bxd5 21. Rxd5 Rxd5 22. Rxd5 Rd8 23. Qd3 Rxd5 24. Qxd5 Qd8 25. Qb7 Qd1+ {
1/2 Berkes,F (2693)-Wojtaszek,R (2721)/Paks 2011/CBM 143}) 17. Rad1 c5 18. d5
exd5 19. Nxd5 Nxd5 20. Bxd5 g6 21. Ne5 Bxd5 22. Rxd5 Rxd5 23. Rxd5 Rd8 24. Qc4
Rxd5 25. Qxd5 Bf6 26. Nd7 Kg7 27. b3 Bc3 28. a4 {White has some domination,
but, as mentioned above, the weakness of the white kingside offers Black a
clear plan for counterplay.} Qd8 29. Qd6 Bf6 30. Kf1 Qe7 31. Qd5 Bc3 32. Ke2
Qh4 33. Kd3 Ba1 34. Ne5 Bxe5 35. Qxe5+ Kh6 36. Qc7 Qxf2 37. Qxf7 Qf1+ 38. Ke4
Qb1+ 39. Kf3 Qh1+ 40. Kg3 Qg1+ 41. Kf3 Qh1+ 42. Kg3 Qg1+ 43. Kf3 Qh1+ 1/2-1/2

[Event "Moscow Tal Memorial 7th"]
[Site "Moscow"]
[Date "2012.06.14"]
[Round "6"]
[White "Carlsen, Magnus"]
[Black "Aronian, Levon"]
[Result "1/2-1/2"]
[WhiteElo "2835"]
[BlackElo "2825"]
[Annotator "Kritz,L"]
[PlyCount "120"]
[EventDate "2012.06.08"]
[EventType "tourn"]
[EventRounds "9"]
[EventCountry "RUS"]
[EventCategory "22"]
[SourceTitle "CBM 149"]
[Source "ChessBase"]
[SourceDate "2012.07.17"]

1. e4 e5 2. Nf3 Nc6 3. Bb5 Nf6 4. O-O Nxe4 5. d4 Nd6 6. Bxc6 dxc6 7. dxe5 Nf5
8. Qxd8+ Kxd8 9. Nc3 Ke8 10. b3 Be6 {In dieser Stellung ist auch der von
Kramnik gespielte Zug Bb4 gut:} (10... Bb4 $1 11. Bb2 Bxc3 12. Bxc3 c5 13. Rad1
h6 14. h3 Be6 $132 {und Schwarz stand zumindest nicht schlechter in Howell -
Kramnik (London, 2002)}) (10... a5 {Das ist ebenfalls eine spielbare
Initiative.} 11. Bb2 Bb4 12. Rad1 Bxc3 13. Bxc3 c5 14. h3 h5 15. Rfe1 b6 16.
Ng5 Rh6 17. f4 h4 $132 {Solomon - Pashikian (Khanty-Mansiysk, 2010)}) 11. Bb2
Bb4 12. Ne2 (12. Rfd1 Bxc3 13. Bxc3 c5 14. Rd2 h6 $132 {mit gleichem Spiel wie
nach 10...Bb4, Fogarasi - Almasi (Hungary, 1995)}) 12... Bd5 13. Ne1 (13. Ned4
Nxd4 14. Nxd4 Rd8 15. Rad1 Bc5 16. Nf5 Be4 17. Rxd8+ Kxd8 18. Nxg7 Ke7 19. Re1
$132 {Guseinov - Pashikian (Ohrid, 2009)}) 13... h5 {Es sieht so aus, als ob
Schwarz hier mit 13....Rd8 ausgleichen konnte:} (13... Rd8 14. Nd3 Be7 15. Rad1
Be4 16. Rfe1 Bxd3 17. cxd3 c5 $11) 14. Nd3 Be7 15. Nef4 Rh6 (15... g5 $5 16. c4
$1 (16. Nxd5 cxd5 17. e6 Rh6 18. exf7+ Kxf7 19. f4 g4 20. Rfe1 Bd6 $11) 16...
Be6 17. Nxe6 fxe6 18. Rad1 Rd8 $11) 16. c4 Be4 (16... Be6 17. g3 $1 (17. h3 h4
$11) 17... g5 18. Nxe6 Rxe6 19. h3 $14 {Weiß will Kg2-g4 spielen.}) 17. Rad1 (
17. Rfe1 Bxd3 18. Nxd3 Rd8 19. Rad1 c5 20. Nf4 Ra6 21. Rxd8+ Bxd8 22. Ra1 (22.
a4 Rb6 $15) 22... h4 $11) 17... g5 18. Rfe1 Bxd3 19. Nxd3 {Die Partie verlief
bisher nicht ganz typisch für die Berliner Mauer, jetzt wird es sogar noch
interessanter.} b5 $6 {Ich denke nicht, dass dieser Zug gut sein kann. Die
einzige Idee von b5 ist auf c4 zu nehmen, dann ...c5 zu spielen, und danach ...
Ra6. Weiß hat jedoch viele Wege, um dies zu verhindern.} 20. c5 (20. Re4 $5 {
Das sieht sehr logisch aus.} Rd8 21. Kf1 $14) 20... Ng7 {Der Springer geht
nach g7, um den Bauern c5 von e6 aus anzugreifen.} 21. b4 (21. Bc3 $5 a5 22. a3
Ne6 23. b4 axb4 24. axb4 Ra3 25. Bb2 Ra2 26. Ra1 Rxa1 27. Rxa1 $14) 21... a5
22. a3 Ne6 23. g3 (23. f3 $5 {Mit der Idee Kf2-g3-Ke3-f4.} Rd8 24. Kf2 $14)
23... g4 {Nun ist es nicht mehr so einfach für Weiß f2-f4 durchzuführen.}
24. Kg2 Rg6 25. Nf4 Rg5 (25... Nxf4+ 26. gxf4 axb4 27. axb4 Ra2 28. Re2 $14 {
Die Idee f5 und danach f3 ist sehr unangenehm für Schwarz.}) 26. Bc1 (26. Nxe6
fxe6 $11 {Dieses Endspiel ist remis, weil Schwarz gutes Gegenspiel am
Damenflügel hat.}) 26... Rf5 27. h3 gxh3+ (27... axb4 $5 28. hxg4 hxg4 29.
axb4 Ra2 $6 30. Rh1 $1 {Das ist sehr stark.} Rxe5 31. Nxe6 Rxe6 (31... fxe6 32.
Rh8+ Kf7 33. Rd7 $18) 32. Rh8+ Bf8 33. Bf4 $16) 28. Nxh3 axb4 29. axb4 Ra4 {
Schwarz hat gewisses Gegenspiel, doch die Stellung von Weiß sieht besser aus.}
30. Bd2 Ra3 (30... Nd4 31. f4 Nc2 32. Re4 $14) 31. f4 $1 {Schwarz bekommt eine
starke Initiative nach 31.Nf4.} (31. Nf4 h4 $1 32. Nxe6 fxe6 33. g4 h3+ 34. Kg1
Rff3 35. Re3 Bh4 $36) 31... h4 32. Re3 Rxe3 $5 {Es sieht so aus, als ob Weiß
in Vorteil kommt, doch Schwarz spielt sehr dynamisch und gleicht die Stellung
aus. Auch 32...Ra2 war interessant.} (32... Ra2 $1 33. g4 (33. Kf3 hxg3 34. Kg4
Ng7 35. Rxg3 Rh5 36. Nf2 Rh4+ 37. Kf3 Nf5 38. Rg8+ Kd7 $1 $11) 33... Rxf4 34.
Nxf4 Bg5 $1 35. Kf3 Bxf4 36. Rd3 Bxd2 37. R1xd2 Ra1 38. Rd1 Ra2 39. Rh1 Rb2 40.
Rxh4 Rxb4 $44 {Schwarz hat ausgezeichnete Kompensation.}) 33. Bxe3 hxg3 34.
Kxg3 {Das Problem für Schwarz ist, dass er nicht genug Gegenspiel besitzt und
nur passiv warten kann.} Rh5 35. Bf2 (35. Kg4 $2 Rh4+ 36. Kg3 Ng7 $11 {Wenn
die weißen Bauern mit dem Springer blockiert sind, kann Weiß kaum
durchbrechen.}) 35... f5 (35... Ng7 36. Kg4 $14 {und Schwarz schafft es nicht,
den Springer nach f5 zu stellen.}) 36. exf6 (36. Be3 Rh7 37. Ng1 Rg7+ 38. Kf3
Rh7 39. Ne2 Rh3+ 40. Ng3 Bh4 $11) 36... Bxf6 37. Kg4 Rxh3 {Das sieht
verdächtig aus, obwohl, es kann sein, dass das Endspiel remis ist.} (37... Rd5
$5 38. Re1 (38. Rxd5 cxd5 39. Kf5 Kf7 40. Ng5+ Nxg5 41. fxg5 Bc3 $11) 38... Kd7
$11 {Es sieht so aus, dass Schwarz die Stellung halten kann.}) 38. Kxh3 Nxf4+
39. Kg4 Nd5 {Das Problem für Weiß ist, dass er die Läufer tauschen muss,
weil der Bauer b4 schwach ist. Sonst, mit den Läufern, wäre das Endspiel
sicherlich gewonnen.} 40. Bd4 (40. Rb1 Bc3 41. Be1 {Das ist der einzige Zug,
um den Bauern zu halten.} Bxe1 42. Rxe1+ Kd7 43. Re4 (43. Rb1 Ke6 44. Kf3 Ke5
$15 {Der König kommt nach c4 und Weiß verliert beide Bauern.}) 43... Nf6+ 44.
Kf5 Nxe4 45. Kxe4 Ke6 $11) 40... Kf7 (40... Bxd4 41. Rxd4 Kd7 {führt zum
selben Endspiel wie in der Partie.}) 41. Kf5 Ne7+ 42. Ke4 Bxd4 43. Kxd4 Ke6 44.
Re1+ Kd7 45. Ke5 Nd5 46. Re4 (46. Rd1 Kc8 47. Rxd5 $5 {Es sieht so aus, als ob
Weiß eine Chance hätte, doch auch das Bauernendspiel ist remis.} cxd5 48.
Kxd5 Kd7 49. c6+ Ke7 50. Ke5 Kf7 51. Kd5 Ke7 52. Kc5 Ke6 53. Kxb5 Kd5 54. Ka6
Kxc6 55. b5+ Kc5 56. Kb7 Kxb5 57. Kxc7 $11) 46... Kc8 47. Ke6 Nc3 48. Rh4 Nd5
49. Rd4 Kd8 $1 ({Nach} 49... Kb7 $2 {ist das Bauernendspiel gewonnen!} 50. Rxd5
$1 cxd5 51. Kxd5 Kc8 (51... c6+ 52. Kd6 $18) 52. Kc6 Kd8 53. Kb7 Kd7 54. Kb8
Kc6 (54... Kd8 55. c6 $18) 55. Kc8 Kd5 56. Kxc7 Kc4 57. c6 Kxb4 58. Kd6 Ka3 59.
c7 b4 60. c8=Q $18) 50. Rg4 Kc8 51. Rh4 Kb7 52. Kd7 (52. Rd4 Kc8 $1 53. Rxd5
cxd5 54. Kxd5 Kd7 $11) 52... Nf6+ 53. Kd8 Nd5 54. Rg4 (54. Rh7 Kb8 55. Rg7 Kb7
56. Rg4 {-> siehe die Partie.}) 54... Kb8 55. Rd4 Kb7 {Weiß kann keine
Fortschritte machen.} 56. Kd7 Nc3 57. Ke6 Kc8 58. Rd3 Nd5 59. Rd4 Nc3 60. Rd3
Nd5 1/2-1/2

[Event "Moscow Tal Memorial 7th"]
[Site "Moscow"]
[Date "2012.06.12"]
[Round "4"]
[White "Carlsen, Magnus"]
[Black "Grischuk, Alexander"]
[Result "1/2-1/2"]
[WhiteElo "2835"]
[BlackElo "2761"]
[Annotator "Ramirez Alvarez"]
[PlyCount "80"]
[EventDate "2012.06.08"]
[EventType "tourn"]
[EventRounds "9"]
[EventCountry "RUS"]
[EventCategory "22"]
[SourceTitle "CBM 149"]
[Source "ChessBase"]
[SourceDate "2012.07.17"]

1. e4 e5 2. Nf3 Nc6 3. Bb5 a6 4. Ba4 Nf6 5. O-O Be7 6. d3 b5 7. Bb3 O-O 8. a4
b4 9. Nbd2 Bc5 {An interesting idea that was used by Adams against Hunt last
year, and was picked up by Aronian who used it to beat Karjakin earlier this
year in Wijk Aan Zee. The idea is that the bishop is out of the pawn chain,
doing something productive.} 10. Nc4 d6 11. Bg5 {New. White immediately pins
the knight which has no comfortable way of being defended.} h6 12. Bh4 Bg4 13.
Ne3 Bxf3 14. gxf3 $5 {This strange move hopes to capitalize on the light
square weaknesses left by Black's next move.} (14. Qxf3 Nd4 15. Qd1 Nxb3 16.
cxb3 g5 17. Bg3 {looks acceptable for Black.}) 14... g5 (14... Nd4 15. Ng4 Qc8
$5 {with a complex position.}) 15. Bg3 Nd4 16. Bc4 Nh5 17. c3 bxc3 18. bxc3 Ne6
19. Rb1 Nhg7 20. Bd5 Rc8 21. Kh1 Kh8 22. Rg1 Qf6 23. Bc4 a5 {White has some
obvious drawbacks in his position. His bishop on g3 is slightly worse than
useless and his pawn on f3 is permanently weak. However Black has his issues -
a5 is weak, the g7 knight is not doing much and he lacks a clear plan.} 24. Rb5
h5 $5 {Trying to trap that bishop. This comes with a great amount of risk.} 25.
Rxa5 (25. Bxe6 $1 {A surprising exchange that works due to very concrete
reasons.} fxe6 (25... Nxe6 26. f4 $18 {h5 is hanging and with it the game.}) (
25... Qxe6 26. Bxe5 {is a similar version of the trick but better for White
since the f-file is still closed.}) 26. Bxe5 Qxe5 27. d4 Qf6 28. dxc5 {seems
better for White.}) 25... h4 26. Ng4 Qe7 27. Qf1 {Black can't take the g3
bishop just yet, but he doesn't have to. It won't be saved any time soon.} Ra8
(27... Bb6 28. Rb5 Ra8 29. Qh3 Rxa4 30. Bxe6 Nxe6 31. f4 {is, as many lines,
super messy. But Black is the one who has to be careful now.} exf4 $2 32. Bxh4
{and the rook swings to the attack and wins the game.}) 28. Rxc5 $1 {Another
surprising move! Carlsen sacrifices the exchange for the following tactical
reasons:} dxc5 (28... Nxc5 29. Bxh4 {is 'the point'} Nh5 $13 (29... gxh4 $2 30.
Qc1 {and since the e6-knight was distracted to c5 by the rook sacrifice, the
penetration on h6 is unavoidable and decisive.})) 29. Nxe5 (29. Bxe5 f6 {
and the bishop is still trapped, though White has some resources ... like
going back to g3!} 30. Bg3 (30. Bxe6 $1 Nxe6 31. Nxf6 Rxf6 32. f4 Nxf4 33. Rxg5
Kh7 34. Qd1 $1 {A superb resource.} Rg6 35. Rh5+ Nxh5 36. Qxh5+ $11 {and an
unusual perepetual.}) 30... Nh5 31. Nh6 hxg3 32. fxg3 {White only has a few
pawns for that rook, so It wouldn't be surprising that Black is winning, but
Black has coordination and light square problems to fix first.}) 29... Qf6 30.
Qh3 (30. f4 $5 {The idea is to block the f-file, allowing Nd7.} gxf4 31. Nd7
Qh6 32. Bxh4 Qxh4 33. Nxf8 Rxf8 34. Qg2 {White has obvious compensation for
the missing piece, and probably a little bit more.}) 30... Rxa4 31. Bd5 (31. f4
Nxf4 32. Bxf4 Qxf4 33. Nf3 Rxc4 $1 34. dxc4 f6 {finally leads to material
equality, and the position is quite complicated. Both structures are bad and
it seems that the weak nature of both kings will result in a perpetual.}) 31...
Ra6 32. Bc4 Rd6 33. f4 $1 {A well timed strike. Black must take with the
knight, which means that the bishop on g3 is finally not hanging, and Black's
pieces leave something to be desired.} Nxf4 34. Bxf4 Qxf4 35. Nf3 {Now Black
can't really defend the g5-pawn.} Rg6 36. Rg4 Qc1+ 37. Rg1 Qf4 38. Rg4 Qc1+ 39.
Rg1 Qf4 40. Rg4 Qc1+ {Neither side can improve their position beyond this
repetition. Black must always be defending the g5 pawn and White can't give
Black time to consolidate. A wild game, where every move is difficult to
justify. Overall the players did a fantastic job of navigating through the
treacherous waters and staying afloat. At no point was either side winning.}
1/2-1/2